Szczegóły MARC21

Jak postępować z dzieckiem z uszkodzeniem mózgu czyli Opóźnionym umysłowo, upośledzonym umysłowo, z dziecięcym porażeniem mózgowym, z zaburzeniami emocjonalnymi, spastycznym, wiotkim, sztywnym, z padaczką, autystycznym, atetotycznym, nadpobudliwym, z zespołem Downa /

003 -Nazwa inst., której nr kontr. jest w polu 001 [,]
    • @
    • Nazwa instytucji, której n kontrolny jest w polu 001
    • NUKAT
005 -DATA I CZAS OSTATNIEJ MODYFIKACJI [,]
    • @
    • pole kontrolne
    • 20241231092211.0
020 -Międzynarod. znormalizowany nr książki - ISBN [ , ]
    • z
    • Błędny ISBN (P)
    • 8385635174 Find
040 -Instytucja sporządzająca opis [ , ]
    • a
    • Instytucja, która sporządziła opis (NP)
    • KR U/42MM
    • c
    • Instytucja, która sporządziła rekord (NP)
    • KR U/42MM
    • d
    • Instytucja, która zmodyfikowała rekord (P)
    • KR U/42EN
    • d
    • Instytucja, która zmodyfikowała rekord (P)
    • KR U/42KJs
041 -Język dokumentu [1, ]
    • a
    • Język tekstu (P)
    • polski
    • h
    • Język tekstu oryginalnego i/lub pośredniego (P)
    • angielski
942 -Rodzaj dokumentu [ , ]
    • c
    • Rodzaj dokumentu
    • Książka
100 -Hasło główne - nazwa osobowa [1, ]
    • a
    • Nazwa osobowa (NP)
    • Doman, Glenn.
    • 9
    • KHW
    • 25720
245 -Strefa tytułu i oznaczenia odpowiedzialności [1,0]
    • a
    • Tytuł
    • Jak postępować z dzieckiem z uszkodzeniem mózgu czyli Opóźnionym umysłowo, upośledzonym umysłowo, z dziecięcym porażeniem mózgowym, z zaburzeniami emocjonalnymi, spastycznym, wiotkim, sztywnym, z padaczką, autystycznym, atetotycznym, nadpobudliwym, z zespołem Downa / Find
    • c
    • Pozostałe elementy strefy tytułu i oznaczenia odpowiedzialności (NP)
    • Glenn Doman ; il. David Melton ; [tł. Ewa Kluck i Bartosz Sztyma].
246 -Wariant tytułu [1, ]
    • i
    • Tekst wyświetlany na ekranie monitora (NP)
    • Tyt. oryg.:
    • a
    • Tytuł (NP)
    • What to do about your brain-injured child, or your brain-damaged, mentally retarded, mentally deficient, cerebral-palsied, emotionally disturbed, spastic, flaccid, rigid, epileptic, autistic, athetoid, hyperactive, Down's child
260 -Strefa adresu wydawniczego [ , ]
    • a
    • Miejsce wydania (P)
    • Poznań :
    • b
    • Nazwa wydawcy (P)
    • Protext,
    • c
    • Data wydania (P)
    • 1996.
300 -Strefa opisu fizycznego [ , ]
    • a
    • Określenie formy książki i/lub objętość (NP)
    • [14], 291 s. :
    • b
    • Oznaczenie ilustracji (NP)
    • rys., wykr. ;
    • c
    • Format (NP)
    • 21 cm.
336 -Typ zawartości [ , ]
    • a
    • Termin opisujący typ zawartości
    • Tekst
    • b
    • Kod określający zawartość
    • txt
    • 2
    • Źródło (terminu i kodu)
    • rdacontent
337 -Typ mediów [ , ]
    • a
    • Tryb odtwarzania
    • Bez urządzenia pośredniczącego
    • b
    • Kod typu mediów
    • n
    • 2
    • Źródło (terminu i kodu)
    • rdamedia
338 -Typ/rodzaj nośnika [ , ]
    • a
    • Hasło opisujące typ nośnika
    • Wolumin
    • b
    • Kod typu nośnika
    • nc
    • 2
    • Źródło (terminu i kodu)
    • rdacarrier
490 -Strefa serii i książki wielotomowej - forma nie do wyszukiwania [1, ]
    • a
    • Tytuł (P)
    • Seria Cichej Rewolucji Find
830 -Hasło dodatkowe serii i opisu książki wielotomowej - tytuł ujednolicony/tytuł [ ,0]
    • a
    • Tytuł ujednolicony/tytuł (NP)
    • Cicha Rewolucja
    • 9
    • KHW
    • 469643
080 -Uniwersalna Klasyfikacja Dziesiętna [ , ]
    • a
    • Symbol klasyfikacji
    • 159.97-053.2
080 -Uniwersalna Klasyfikacja Dziesiętna [ , ]
    • a
    • Symbol klasyfikacji
    • :376.4/.5
080 -Uniwersalna Klasyfikacja Dziesiętna [ , ]
    • a
    • Symbol klasyfikacji
    • :616.89
080 -Uniwersalna Klasyfikacja Dziesiętna [ , ]
    • a
    • Symbol klasyfikacji
    • :37.018.1-056.36/.37
650 -Hasło przedmiotowe [ ,7]
    • a
    • Hasło przedmiotowe
    • Dzieci z niepełnosprawnością
    • x
    • Określnik rzeczowy
    • rehabilitacja
    • v
    • Określnik formalny
    • poradniki.
    • 2
    • Źródło terminu
    • kaba
    • 9
    • KHW
    • 384043
650 -Hasło przedmiotowe [ ,7]
    • a
    • Hasło przedmiotowe
    • Dzieci z niepełnosprawnością
    • x
    • Określnik rzeczowy
    • psychologia.
    • 2
    • Źródło terminu
    • kaba
    • 9
    • KHW
    • 363206
980 -Symbol UKD [ , ]
    • a
    • UKD
    • 159.97-053.2:376.4/.5:616.89:37.018.1-056.36/.37
700 -Hasło dodatkowe - nazwa osobowa [1, ]
    • a
    • Nazwa osobowa (NP)
    • Melton, David. Find
    • e
    • Określenie rodzaju współpracy
    • Il.
    • 9
    • KHW
    • 713866
700 -Hasło dodatkowe - nazwa osobowa [1, ]
    • a
    • Nazwa osobowa (NP)
    • Kluck, Ewa. Find
    • e
    • Określenie rodzaju współpracy
    • Tł.
    • 9
    • KHW
    • 713865
700 -Hasło dodatkowe - nazwa osobowa [1, ]
    • a
    • Nazwa osobowa (NP)
    • Sztyma, Bartosz. Find
    • e
    • Określenie rodzaju współpracy
    • Tł.
    • 9
    • KHW
    • 713867
920 -ISBN [ , ]
    • z
    • Błędny ISBN
    • 83-85635-17-4 Find
Numer inwentarzowy Status udost. Data inwentaryzacji Lokalizacja
Pd.1086511998-04-20BG